00612nam a2200169Ia 4500008004100000020001800041082002300059100002400082245011900106250000600225260002700231300001100258500002100269650003800290952009700328999001700425120622s9999 xx 000 0 und d a968-422-045-6 a658.404 S241p 1989 aSapag Chain, Nassir aPreparación y evaluación de proyectos / Nassir Sapag Chain, Reinaldo Sapag Chain ; rev. técnica Libardo Daza a2 aMéxico : McGraw-Hill a390 p. aIncluye índice a1. ADMINISTRACION DE PROYECTOSÌ 00104070a01b01d2007-01-25l0o658.404 S241P 1989p01 000844r2012-06-24w2012-06-24yLB c55564d55564